01825 a2200253 45000010006000000050017000060080041000230030015000640400040000790800105001192450063002240200022002872640031003093000019003405050939003590410008012989420007013065900036013131000023013497000021013727000021013939990015014149520142014296052120260407155856.0260407a2006 arg spa dAR-UNSa-BCEJYS aAR-UNSa-BCEJYSbspacAR-UNSa-BCEJYS a304.4xAspectos generales de las políticas y prácticas sociales y culturales (política social)10aPolíticas sociales y acción localp10 estudios de caso a978-987-95115-6-5 1aBuenos Aires :bIDESc2006 a349 p.c21 cm. a1. Repensando las relaciones sociales locales / Carlos H. Acuña, Elizabeth Jelin y Gabriel Kessler - 2. Tensiones y conflictos de la participación social en el planeamiento estratégico de ciudades / Alicia González Andrada – 3. Participación social y comunitaria en el fortalecimiento de la atención primaria de la salud / Sebastián Essayag – 4. Las ONG en el campo de la salud sexual y reproductiva / Nina Zamberlin – 5. Violencia familiar en la ciudad de Buenos Aires / Mabel López Oliva – 6. El ambiguo valor de una herencia / Sergio Caggiano – 7. Acción cultural y trabajo comunitario en dos barrios del gran Buenos Aires / Carla Muriel del Cueto – 8. ¿El trueque es lo mismo para todos? / Mariana Luzzi – 9. De conflictos y negociaciones / Gabriela Wyczykier – 10. Sociedad y Estado: una relación compleja / Laura Mombello – 11. La larga historia de una política social / Pablo Bonaldi -  aspa cBK aniveau_biblio:m niveau_hierar:01 aAcuña, Carlos H.1 aJelin, Elizabeth1 aKessler, Gabriel c7031d7031 00104070aBCEJYSbBCEJYSc16d2026-04-07l0o304.4 A189pL129223r2026-04-07 15:58:56w2026-04-07yLzCANTO LATERAL UN POCO MANCHADO -